<?xml version="1.0" encoding="UTF-8"?>
<collection xmlns="http://www.loc.gov/MARC21/slim">
    <record>
        <controlfield tag="001">67138</controlfield>
        <controlfield tag="005">20180223094811.0</controlfield>
        <datafield tag="037" ind1=" " ind2=" ">
            <subfield code="a">GDOC-2016-28034</subfield>
        </datafield>
        <datafield tag="041" ind1=" " ind2=" ">
            <subfield code="a">spa</subfield>
        </datafield>
        <datafield tag="100" ind1=" " ind2=" ">
            <subfield code="0">(orcid)0000-0002-2349-8847</subfield>
            <subfield code="1">387383</subfield>
            <subfield code="a">Castañer Martín, Rosa María</subfield>
        </datafield>
        <datafield tag="245" ind1="0" ind2="0">
            <subfield code="9">28034</subfield>
            <subfield code="a">Historia de la lengua española</subfield>
        </datafield>
        <datafield tag="260" ind1=" " ind2=" ">
            <subfield code="a">Zaragoza</subfield>
            <subfield code="b">Universidad de Zaragoza</subfield>
            <subfield code="c">2016-2017</subfield>
        </datafield>
        <datafield tag="520" ind1=" " ind2=" ">
            <subfield code="a">Breve presentación de la asignatura
En esta asignatura se analiza la evolución de la lengua española a través del tiempo,desde su origen (latín hispánico) hasta el sistema lingüístico actual. Se abordan básicamente cuestiones de historia externa de la lengua (políticas, sociales, culturales, etc.), aunque se tendrán también en cuenta los principales cambios lingüísticos producidos en los distintos niveles (gráfico, fónico, gramatical, léxico) que permiten caracterizar cada una de las épocas estudiadas. La asignatura se complementa con "Gramática histórica del español" (cuarto curso) en la que se profundiza en el estudio de la evolución lingüística.</subfield>
            <subfield code="b"> </subfield>
        </datafield>
        <datafield tag="521" ind1=" " ind2=" ">
            <subfield code="9">121</subfield>
            <subfield code="a">Filología Hispánica</subfield>
        </datafield>
        <datafield tag="540" ind1=" " ind2=" ">
            <subfield code="a">by-nc-sa</subfield>
            <subfield code="b">Creative Commons</subfield>
            <subfield code="c">3.0</subfield>
            <subfield code="u">http://creativecommons.org/licenses/by-nc-sa/3.0/</subfield>
        </datafield>
        <datafield tag="830" ind1=" " ind2=" ">
            <subfield code="9">427</subfield>
        </datafield>
        <datafield tag="856" ind1="4" ind2=" ">
            <subfield code="s">13229</subfield>
            <subfield code="u">http://zaguan.unizar.es/record/67138/files/guia-28034-es.pdf</subfield>
            <subfield code="y">Guía (idioma español)</subfield>
        </datafield>
        <datafield tag="856" ind1="4" ind2=" ">
            <subfield code="s">7569</subfield>
            <subfield code="u">http://zaguan.unizar.es/record/67138/files/guia-28034-en.pdf</subfield>
            <subfield code="y">Guide (english)</subfield>
        </datafield>
        <datafield tag="970" ind1=" " ind2=" ">
            <subfield code="a">GDOC-2016-28034</subfield>
        </datafield>
        <datafield tag="980" ind1=" " ind2=" ">
            <subfield code="a">GDOC</subfield>
            <subfield code="b">Artes y humanidades</subfield>
            <subfield code="c">103</subfield>
        </datafield>
    </record>

    
</collection>